Hồ Chí Minh tuyển tập T.2 1920 - 1954
Đã lưu trong:
| 格式: | 圖書 |
|---|---|
| 出版: |
H.
Sự thật
1980
|
| 主題: | |
| 標簽: |
添加標簽
沒有標簽, 成為第一個標記此記錄!
|
| Thư viện lưu trữ: | Trung tâm Học liệu Lê Vũ Hùng, Trường Đại học Đồng Tháp |
|---|
| LEADER | 00761pam a22002058a 4500 | ||
|---|---|---|---|
| 001 | 00023658 | ||
| 005 | 20171026081025.0 | ||
| 008 | 110628s1980 ||||||Viesd | ||
| 041 | 0 | # | |a Vie |
| 082 | 1 | # | |a 335.434 6 |b H450CH |
| 245 | 0 | 0 | |a Hồ Chí Minh tuyển tập |n T.2 |p 1920 - 1954 |
| 260 | # | # | |a H. |b Sự thật |c 1980 |
| 300 | # | # | |a 620 tr. |c 22 cm. |
| 653 | # | # | |a Hồ Chí Minh |a tư tưởng |a 1920- 1954 |a Hoạt động |a Tự phê bình |a cần kiệm liêm chính |a tuần lễ vàng |a kháng chiến toàn quốc |
| 852 | # | # | |b Kho đọc |
| 852 | # | # | |b Kho đọc |j KD.0007167 |
| 852 | # | # | |j KD.0007167 |
| 910 | |d 28/06/2011 | ||
| 980 | # | # | |a Trung tâm Học liệu Lê Vũ Hùng, Trường Đại học Đồng Tháp |